[Event "Le Touquet op Seniors"]
[Site "Le Touquet"]
[Date "2002.??.??"]
[Round "7"]
[White "Blangy, Jean"]
[Black "Dautricourt, Jacques"]
[Result "0-1"]
[WhiteElo "1280"]
[BlackElo "1380"]
[PlyCount "90"]
[EventDate "2002.10.??"]
[EventType "swiss"]
[EventRounds "7"]
[EventCountry "FRA"]
[SourceTitle "EXT 2003"]
[Source "ChessBase"]
[SourceDate "2002.11.25"]
[SourceVersion "1"]
[SourceVersionDate "2002.11.25"]
[SourceQuality "1"]

1. e4 e5 2. Nf3 Nc6 3. Bc4 Bc5 4. b4 Bd6 5. c3 h6 6. a3 a6 7. d4 Nf6 8. d5 Na7 9. Nbd2 b5 10. Bd3 Bb7 11. c4 Be7 12. Nxe5 d6 13. Nef3 c6 14. Nd4 bxc4 15. Nxc4 cxd5 16. exd5 Bxd5 17. 0-0 0-0 18. Na5 Qb6 19. Be3 Qb8 20. Bxa6 Bd8 21. Qa4 Bb6 22. Nf5 Bd8 23. Rac1 Kh7 24. Bxa7 Qxa7 25. b5 Bb6 26. Nc6 Qd7 27. Ne3 Be4 28. Qd1 Bc5 29. a4 Bxc6 30. bxc6 Qxc6 31. Bb5 Qb6 32. Qd3+ Kg8 33. Nc4 Qb8 34. Nxd6 Bxd6 35. Rb1 Bxh2+ 36. Kh1 Bc7 37. Bc6 Qd8 38. Qxd8 Raxd8 39. Rb7 Ba5 40. Rfb1 Ng4 41. Kg1 Ne5 42. Bb5 Rd2 43. Ra7 Bb6 44. Ra6 Bxf2+ 45. Kf1 Ng4 0-1

[Event "Le Touquet op Seniors"]
[Site "Le Touquet"]
[Date "2002.??.??"]
[Round "1"]
[White "Garet, Jacques"]
[Black "Dautricourt, Jacques"]
[Result "1-0"]
[WhiteElo "1840"]
[BlackElo "1380"]
[PlyCount "144"]
[EventDate "2002.10.??"]
[EventType "swiss"]
[EventRounds "7"]
[EventCountry "FRA"]
[SourceTitle "EXT 2003"]
[Source "ChessBase"]
[SourceDate "2002.11.25"]
[SourceVersion "1"]
[SourceVersionDate "2002.11.25"]
[SourceQuality "1"]

1. b4 e5 2. Bb2 d6 3. e3 Nf6 4. Nf3 Bd7 5. b5 a6 6. a4 a5 7. Be2 g6 8. 0-0 Bg7 9. c4 b6 10. Nc3 Bc8 11. d4 e4 12. Nd2 Bb7 13. Qc2 Qe7 14. d5 0-0 15. Ncxe4 Nxe4 16. Bxg7 Re8 17. Nxe4 Kxg7 18. Qc3+ f6 19. Nd2 Nd7 20. Bf3 Ne5 21. Qd4 Bc8 22. h3 Bf5 23. g4 Nxf3+ 24. Nxf3 Bd7 25. Rad1 Qe4 26. Qxe4 Rxe4 27. Rd4 Re7 28. Nh4 Rae8 29. Rfd1 h6 30. Kg2 Rf7 31. Kg3 f5 32. Ng2 g5 33. f3 Ref8 34. Rf1 fxg4 35. hxg4 Kg6 36. f4 Rh7 37. f5+ Kf6 38. Rh1 Rfh8 39. Rdd1 h5 40. e4 h4+ 41. Kh3 Re7 42. Rhe1 Rhe8 43. Rd4 Ke5 44. Rd2 Kf6 45. Rde2 Ke5 46. Rd1 Kf6 47. Rd4 Ke5 48. Rd3 Kf6 49. Rde3 Re5 50. Ne1 R5e7 51. Nf3 Bc8 52. Nd4 Bd7 53. Ne6 Bc8 54. e5+ dxe5 55. Rxe5 Bxe6 56. dxe6 Rd8 57. Rd5 Rd6 58. Red2 Re8 59. Rxd6 cxd6 60. Rxd6 Rb8 61. Rd7 Rc8 62. Rf7+ Ke5 63. Rg7 Kf6 64. Rg6+ Ke5 65. Rxg5 Rxc4 66. Rg8 Kf4 67. e7 Rc3+ 68. Kxh4 Rc1 69. Kh5 Rh1+ 70. Kg6 Rg1 71. Kf6 Rh1 72. e8Q Rh6+ 1-0

[Event "Le Touquet op Seniors"]
[Site "Le Touquet"]
[Date "2002.??.??"]
[Round "3"]
[White "Holuigue, Andre"]
[Black "Dautricourt, Jacques"]
[Result "1-0"]
[WhiteElo "1610"]
[BlackElo "1380"]
[PlyCount "125"]
[EventDate "2002.10.??"]
[EventType "swiss"]
[EventRounds "7"]
[EventCountry "FRA"]
[SourceTitle "EXT 2003"]
[Source "ChessBase"]
[SourceDate "2002.11.25"]
[SourceVersion "1"]
[SourceVersionDate "2002.11.25"]
[SourceQuality "1"]

1. d4 Nf6 2. Nf3 d5 3. e3 c6 4. Bd3 Bg4 5. 0-0 e6 6. c4 Be7 7. Qb3 b6 8. Ne5 Bh5 9. Qa4 Qc7 10. Nc3 0-0 11. Bd2 Nfd7 12. f4 Nxe5 13. fxe5 a6 14. Qc2 Bg6 15. cxd5 cxd5 16. Rac1 Bxd3 17. Qxd3 Qb7 18. Rf3 Nd7 19. Rh3 g6 20. e4 dxe4 21. Nxe4 Rad8 22. Qe3 h5 23. Ng3 Rfe8 24. Nxh5 Bf8 25. Qg5 Qe4 26. Rf1 Qxd4+ 27. Be3 Qxe5 28. Nf6+ Qxf6 29. Rxf6 Nxf6 30. Qxf6 Bg7 31. Qh4 Kf8 32. Bxb6 Rd1+ 33. Kf2 Rc8 34. Qb4+ Kg8 35. Bc5 Rc1 36. Bd4 R1c4 37. Qa5 Bxd4+ 38. Ke2 Bxb2 39. Rd3 Bf6 40. Qxa6 Bg5 41. Qb7 Rc2+ 42. Kf3 R2c7 43. Qb5 Bf6 44. a4 Rc5 45. Qb6 Kg7 46. a5 Rf5+ 47. Ke2 Re5+ 48. Kd1 Rec5 49. a6 Rc1+ 50. Ke2 R1c2+ 51. Rd2 R2c6 52. Qb7 R6c7 53. Qb5 Rc5 54. Qa4 Rc4 55. Qa2 Bg5 56. a7 Bxd2 57. a8Q Rxa8 58. Qxa8 Bh6 59. Qa6 Rc2+ 60. Kd3 Rxg2 61. Qa1+ Kg8 62. Qa8+ Bf8 63. Qxg2 1-0